• 首页
  • 本馆介绍
  • 公告通知
  • 最新文献
  • 馆藏检索
  • 电子资源
  • 读者导购
  • 参考咨询
  • 我的图书馆
  • 登录
  • 详细信息显示
  • 放入我的书架
  • 预约/预借图书
  • 作者相关作品
  • 分类相关作品
  • 丛书相关作品
  • 出版社相关作品

书目信息

  • 表格格式
  • 工作单格式
  • 卡片格式
题名:
日本侵权行为法
    
 
作者: 吉村良一 著 ;张挺 译
分册:  
出版信息: 北京   中国人民大学出版社  2013
页数: 237页
开本: 26cm
丛书名: 外国法学教科书精品译丛
单 册:
中图分类: D931.337
科图分类:
主题词: 侵权行为--Qin Quan Hang Wei--民法--研究--日本
电子资源:
ISBN: 978-7-300-17486-0
000 01024nam0 22002771 450
001 0101082521
005 20161201105131.54
010    @a978-7-300-17486-0@dCNY45.00
100    @a20130814d2013 em y0chiy50 ea
101 1  @achi@cjpn
102    @aCN@b110000
105    @ay z 000yy
106    @ar
200 1  @a日本侵权行为法@ARi Ben Qin Quan Hang Wei Fa@f(日)吉村良一著@g张挺译
210    @a北京@c中国人民大学出版社@d2013
215    @a237页@d26cm
225 2  @a外国法学教科书精品译丛@AWai Guo Fa Xue Jiao Ke Shu Jing Pin Yi Cong
305    @a据原书第4版译出
330    @a本书试图向民法学习者以及从事侵权诉讼的实务家展示日本侵权行为法(包括产品责任法、机动车损害赔偿保障法、国家赔偿法等特别法)的全貌。
461  0 @12001 @a外国法学教科书精品译丛
606 0  @a侵权行为@AQin Quan Hang Wei@x民法@x研究@y日本
690    @aD931.337@v5
701  0 @c(日)@a吉村良一@AJi Cun Liang Yi@f(1950~)@4著
702  0 @a张挺@AZhang Ting@f(1984~)@4译
801  0 @aCN@bTANGWEI@c20161128
905    @b0952157-61@dD931.337@e112@f5
    
    日本侵权行为法/(日)吉村良一著/张挺译.-北京:中国人民大学出版社,2013
    237页;26cm.-(外国法学教科书精品译丛)
    
    
    ISBN 978-7-300-17486-0:CNY45.00
    本书试图向民法学习者以及从事侵权诉讼的实务家展示日本侵权行为法(包括产品责任法、机动车损害赔偿保障法、国家赔偿法等特别法)的全貌。
●
相关链接 在E读中查询图书 在五车中查询图书 在当当中查询图书 在豆瓣中查询图书


正题名:日本侵权行为法     索取号:D931.337/112         预约/预借

序号 登录号 条形码 馆藏地/架位号 状态 备注
1 0952157   209521579   第一样本阅览室/ [索取号:D931.337/112] 在馆    
2 0952158   209521588   第一借阅区/ [索取号:D931.337/112] 在馆    
3 0952159   209521597   第一借阅区/ [索取号:D931.337/112] 在馆    
4 0952160   209521604   第一借阅区/ [索取号:D931.337/112] 在馆    
5 0952161   209521613   密集书库-史法系/ [索取号:D931.337/112] 在馆    
唐山师范学院图书馆 欢迎您!
大连网信软件有限公司© 版权所有